[Event "5th Amplico AIG Life"]
[Site "Warsaw POL"]
[Date "2005.12.17"]
[EventDate "2005.12.17"]
[Round "1"]
[Result "0-1"]
[White "Krzysztof Kopczynski"]
[Black "Arkadij Naiditsch"]
[WhiteElo "2036"]
[BlackElo "2641"]
[PlyCount "54"]

1. e4 c5 2. Nf3 d6 3. d4 cxd4 4. Qxd4 a6 5. Be3 Nc6 6. Qb6
Qxb6 7. Bxb6 Nf6 8. Nc3 g6 9. O-O-O Bg4 10. Be2 Bh6+ 11. Kb1
Nd7 12. Nd5 Nxb6 13. Nxb6 Rd8 14. h3 Bxf3 15. Bxf3 Bg7 16. Be2
Bd4 17. Nd5 Bxf2 18. Rhf1 Ba7 19. Nc7+ Kd7 20. Nd5 Ne5
21. Bg4+ e6 22. Nf6+ Ke7 23. Be2 h5 24. g4 hxg4 25. hxg4 Be3
26. g5 Rh2 27. Bd3 Bxg5 0-1

[Event "5th Amplico AIG Life"]
[Site "Warsaw POL"]
[Date "2005.12.17"]
[EventDate "2005.12.17"]
[Round "2"]
[Result "1-0"]
[White "Arkadij Naiditsch"]
[Black "Jedrzej Dlugosz"]
[WhiteElo "2641"]
[BlackElo "2303"]
[PlyCount "63"]

1. e4 g6 2. d4 Bg7 3. Nc3 d6 4. Be3 a6 5. Qd2 b5 6. h4 Nf6
7. f3 h6 8. a4 b4 9. Nce2 a5 10. g4 Nbd7 11. Ng3 h5 12. gxh5
Nxh5 13. Nxh5 Rxh5 14. Ne2 Nf6 15. d5 e6 16. Nf4 Re5 17. O-O-O
exd5 18. Bd4 Bh6 19. Kb1 Bb7 20. Qh2 Qe7 21. Bxe5 dxe5
22. Nxd5 Nxd5 23. exd5 O-O-O 24. h5 Bf4 25. Qh3+ Kb8 26. h6
Rh8 27. h7 Bc8 28. Qg2 g5 29. Qe2 Bf5 30. Qb5+ Kc8 31. Qa6+
Kd8 32. d6 1-0

[Event "5th Amplico AIG Life"]
[Site "Warsaw POL"]
[Date "2005.12.17"]
[EventDate "2005.12.17"]
[Round "3"]
[Result "1-0"]
[White "Eldar Gasanov"]
[Black "Arkadij Naiditsch"]
[WhiteElo "2427"]
[BlackElo "2641"]
[PlyCount "87"]

1. d4 Nf6 2. c4 e6 3. Nc3 Bb4 4. Qc2 O-O 5. e4 d5 6. e5 Ne4
7. a3 Bxc3+ 8. bxc3 c5 9. Bb2 cxd4 10. cxd4 f5 11. Nf3 Qa5+
12. Nd2 Bd7 13. f3 Ba4 14. Qc1 Qxd2+ 15. Qxd2 Nxd2 16. Kxd2
Bb3 17. c5 b6 18. Rc1 bxc5 19. Rxc5 Nd7 20. Rc6 Rac8 21. Rxc8
Rxc8 22. Bd3 Nb6 23. Bc3 Bc4 24. Bc2 Bb5 25. Bb3 Kf7 26. Rb1
Bc4 27. Bc2 Ba6 28. Bb3 f4 29. Bb4 Bc4 30. Bc2 Ba2 31. Ra1
Nc4+ 32. Kc1 Ne3 33. Rxa2 Nxg2 34. Kd2 g5 35. Bc5 h5 36. Rb2
Rc7 37. Bd6 Rc4 38. Rb7+ Kg8 39. Bc5 Nh4 40. Bd1 a6 41. Rb6 g4
42. fxg4 f3 43. gxh5 f2 44. Be2 1-0

[Event "5th Amplico AIG Life"]
[Site "Warsaw POL"]
[Date "2005.12.17"]
[EventDate "2005.12.17"]
[Round "4"]
[Result "1-0"]
[White "Arkadij Naiditsch"]
[Black "Rafal Marszalek"]
[WhiteElo "2641"]
[BlackElo "2200"]
[PlyCount "76"]

1. e4 e6 2. d4 d5 3. Nd2 c5 4. exd5 exd5 5. Ngf3 Nc6 6. Bb5
Bd6 7. O-O Nge7 8. dxc5 Bxc5 9. c4 dxc4 10. Ne4 Qb6 11. Bxc4
O-O 12. Nfg5 Bf5 13. Bf4 h6 14. Nxf7 Rxf7 15. Nxc5 Qxc5
16. Rc1 Qd4 17. Qf3 Be4 18. Bxf7+ Kxf7 19. Qg3 Rd8 20. Rfe1
Bf5 21. h3 Qxb2 22. Rc3 Ng6 23. Rb3 Qxa2 24. Rxb7+ Rd7
25. Rxd7+ Bxd7 26. Qd3 Be6 27. Qd6 Qd5 28. Qc7+ Qd7 29. Be3 a6
30. f4 h5 31. Rd1 Ke7 32. Bc5+ Ke8 33. Bd6 a5 34. Ra1 h4
35. Kf2 Kf7 36. Ke3 Nb4 37. Rxa5 Nd5+ 38. Ke4 Nxc7 1-0

[Event "5th Amplico AIG Life"]
[Site "Warsaw POL"]
[Date "2005.12.17"]
[EventDate "2005.12.17"]
[Round "5"]
[Result "0-1"]
[White "Rafal Lubczynski"]
[Black "Arkadij Naiditsch"]
[WhiteElo "2361"]
[BlackElo "2641"]
[PlyCount "89"]

1. Nf3 Nf6 2. g3 d5 3. Bg2 Bf5 4. O-O e6 5. c4 c6 6. cxd5 exd5
7. d3 Be7 8. Nc3 O-O 9. Qb3 Qb6 10. Qxb6 axb6 11. Nd4 Bg6
12. e4 Rd8 13. exd5 Nxd5 14. Rd1 Na6 15. Nxd5 cxd5 16. Be3 Nc5
17. Bf1 Bf6 18. f4 Ra4 19. Nb3 Bxb2 20. Rab1 Bh5 21. Bxc5 bxc5
22. Rxb2 Bxd1 23. Nxc5 Ra7 24. Bg2 h5 25. d4 Bg4 26. a4 Bf5
27. Bf3 g6 28. Kf2 Kg7 29. Rxb7 Rxb7 30. Nxb7 Ra8 31. Nc5 Be6
32. Ke3 Kf6 33. Kd2 Ke7 34. Kc3 Kd6 35. Be2 Bd7 36. Bd1 Bc6
37. Bb3 h4 38. g4 h3 39. Bc2 Bd7 40. Bd1 Rh8 41. Nd3 f6
42. Nf2 Rc8+ 43. Kd3 Rc1 44. Kd2 Rc4 45. Ke3 0-1

[Event "5th Amplico AIG Life"]
[Site "Warsaw POL"]
[Date "2005.12.17"]
[EventDate "2005.12.17"]
[Round "6"]
[Result "1-0"]
[White "Arkadij Naiditsch"]
[Black "Radoslaw Jedynak"]
[WhiteElo "2641"]
[BlackElo "2431"]
[PlyCount "115"]

1. e4 e6 2. d4 d5 3. Nd2 Nf6 4. e5 Nfd7 5. Bd3 c5 6. c3 cxd4
7. cxd4 Nc6 8. Ne2 f6 9. exf6 Nxf6 10. Nf3 Bd6 11. O-O O-O
12. Bf4 Bxf4 13. Nxf4 Ne4 14. Qc1 Ng5 15. Nxg5 Qxg5 16. Ne2
Qf6 17. Qd2 Bd7 18. Rac1 Rac8 19. Bb5 Nb8 20. Rxc8 Rxc8
21. Bd3 Nc6 22. Rc1 Rf8 23. Qe3 a6 24. f3 Qd8 25. b3 Qb6
26. Kf2 Kh8 27. Bb1 e5 28. Rd1 e4 29. Nf4 Ne7 30. Kg1 Qh6
31. g3 g5 32. Ne2 Rxf3 33. Qc1 Qf6 34. Nc3 Bh3 35. Bxe4 Rxc3
36. Qxc3 dxe4 37. Qe3 Bg4 38. Rf1 Bf3 39. Qxe4 Bxe4 40. Rxf6
Bd5 41. Rd6 Kg7 42. Kf2 Kf7 43. g4 Bc6 44. Ke3 Nd5+ 45. Ke4
Ne7+ 46. Ke5 Ng8 47. d5 Be8 48. Rb6 Bd7 49. Rxb7 Ke7 50. d6+
Ke8 51. h3 h5 52. gxh5 Bxh3 53. Rg7 Nh6 54. Kf6 Nf5 55. d7+
Kd8 56. Rxg5 Nh6 57. Kg6 Ng8 58. Kg7 1-0

[Event "5th Amplico AIG Life"]
[Site "Warsaw POL"]
[Date "2005.12.17"]
[EventDate "2005.12.17"]
[Round "7"]
[Result "1/2-1/2"]
[White "Robert Ruck"]
[Black "Arkadij Naiditsch"]
[WhiteElo "2535"]
[BlackElo "2641"]
[PlyCount "83"]

1. Nf3 Nf6 2. c4 e6 3. Nc3 Bb4 4. g3 O-O 5. Bg2 d5 6. a3 Bxc3
7. dxc3 c6 8. O-O Re8 9. Be3 Nbd7 10. cxd5 exd5 11. Qc2 Nb6
12. b3 Bg4 13. a4 Qd7 14. a5 Nc8 15. Bd4 Bf5 16. Qb2 Qe7
17. c4 dxc4 18. bxc4 Nd6 19. Bxf6 Qxf6 20. Qxf6 gxf6 21. Nd4
Be4 22. c5 Nb5 23. Nxb5 cxb5 24. a6 Bxg2 25. Kxg2 Rab8
26. Rfb1 bxa6 27. Rxa6 Rxe2 28. Rxa7 Rc2 29. Ra6 Rxc5 30. Rxf6
b4 31. Rb3 Rcb5 32. g4 Kf8 33. Rf4 Ke7 34. h4 h6 35. Kf3 R8b6
36. g5 hxg5 37. hxg5 Rb7 38. Rd4 Ke6 39. Kf4 Rf5+ 40. Kg4 Rfb5
41. f4 f5+ 42. gxf6 1/2-1/2

[Event "5th Amplico AIG Life"]
[Site "Warsaw POL"]
[Date "2005.12.18"]
[EventDate "2005.12.17"]
[Round "9"]
[Result "0-1"]
[White "Tomasz Warakomski"]
[Black "Arkadij Naiditsch"]
[WhiteElo "2396"]
[BlackElo "2641"]
[PlyCount "82"]

1. e4 c5 2. Nf3 d6 3. d4 cxd4 4. Nxd4 Nf6 5. Nc3 a6 6. Bc4 e6
7. O-O b5 8. Bb3 Be7 9. Qf3 Qb6 10. Bg5 Nbd7 11. Rad1 Qb7
12. Rfe1 b4 13. Na4 O-O 14. Qe2 h6 15. Bh4 Ne5 16. f4 Ng6
17. Bg3 e5 18. fxe5 Bg4 19. exf6 Bxe2 20. fxe7 Bxd1
21. exf8=Q+ Rxf8 22. Rxd1 Qxe4 23. Nb6 Nf4 24. Bxf4 Qxf4
25. Nd5 Qg4 26. Ne3 Qg5 27. Nef5 g6 28. Nxd6 Rd8 29. Nc4 a5
30. c3 Qc5 31. Ne3 bxc3 32. bxc3 Qxc3 33. Nec2 h5 34. Kh1 h4
35. h3 g5 36. Rf1 Rxd4 37. Nxd4 Qxd4 38. Rxf7 Kh8 39. a4 Qa1+
40. Kh2 Qe5+ 41. Kh1 Qe1+ 0-1

[Event "5th Amplico AIG Life"]
[Site "Warsaw POL"]
[Date "2005.12.18"]
[EventDate "2005.12.17"]
[Round "10"]
[Result "1-0"]
[White "Arkadij Naiditsch"]
[Black "Jerzy Slaby"]
[WhiteElo "2641"]
[BlackElo "2441"]
[PlyCount "111"]

1. e4 c5 2. Nf3 Nc6 3. Bb5 d6 4. O-O Bd7 5. Re1 Nf6 6. Nc3 e6
7. d4 cxd4 8. Nxd4 Be7 9. Nxc6 Bxc6 10. Bf4 O-O 11. Qd2 Bxb5
12. Nxb5 d5 13. exd5 Nxd5 14. Be5 a6 15. Nd4 Rc8 16. Rad1 Bf6
17. Nf3 Qb6 18. b3 Be7 19. c4 Bb4 20. Qb2 Bxe1 21. cxd5 Bxf2+
22. Qxf2 Qxf2+ 23. Kxf2 Rc2+ 24. Kg3 exd5 25. a4 f6 26. Ba1
Rd8 27. Nd4 Rcc8 28. Nf5 Kf7 29. h4 h5 30. Bd4 g6 31. Ne3 Rc6
32. a5 Rd7 33. b4 Re6 34. Kf3 Re4 35. g3 Re6 36. Bc5 Re5
37. Nc4 Rf5+ 38. Kg2 Kg7 39. Nb6 Rd8 40. Bd4 g5 41. hxg5 Rxg5
42. Rf1 Rd6 43. Rf4 Kg6 44. Kf3 Rf5 45. Nc8 Re6 46. Bc5 Rxf4+
47. Kxf4 Re4+ 48. Kf3 Rc4 49. Nd6 Rc3+ 50. Kf4 Rb3 51. Nxb7 d4
52. Nd6 d3 53. Nc4 Rb1 54. Nd2 Re1 55. Be3 Kf7 56. Ke4 1-0

[Event "5th Amplico AIG Life"]
[Site "Warsaw POL"]
[Date "2005.12.18"]
[EventDate "2005.12.17"]
[Round "11"]
[Result "0-1"]
[White "Vladimir Sergeev"]
[Black "Arkadij Naiditsch"]
[WhiteElo "2436"]
[BlackElo "2641"]
[PlyCount "126"]

1. d4 Nf6 2. Nf3 e6 3. e3 b6 4. Bd3 Bb7 5. O-O c5 6. b3 d5
7. Bb2 Nbd7 8. c4 Be7 9. Nc3 cxd4 10. exd4 O-O 11. Qe2 Re8
12. Rfd1 dxc4 13. bxc4 Nf8 14. Ne5 Ng6 15. Bxg6 hxg6 16. f4
Bb4 17. a3 Bxc3 18. Bxc3 Rc8 19. Rac1 Ne4 20. Bb2 Qh4 21. Rd3
Qh5 22. Qf1 Qf5 23. Rh3 Nf6 24. Qf2 g5 25. fxg5 Qxf2+ 26. Kxf2
Ne4+ 27. Kg1 Nxg5 28. Re3 f6 29. Ng4 Ne4 30. h4 Nd6 31. Rg3
Kf7 32. c5 Nf5 33. Rh3 Red8 34. cxb6 Rxc1+ 35. Bxc1 Rxd4
36. Rc3 Rxg4 37. Rc7+ Kg6 38. Rxb7 axb6 39. Rxb6 Nxh4 40. Rb2
Nf3+ 41. Kf1 Ne5 42. Rb4 Rxb4 43. axb4 Kf7 44. Ke2 Ke7 45. Bf4
Nc6 46. Bd2 Kd6 47. Kd3 Kd5 48. Kc3 Na7 49. Kb3 Nb5 50. g4 Kd4
51. Bc1 Kd3 52. g5 fxg5 53. Bxg5 e5 54. Kb2 e4 55. Kb3 e3
56. Ka4 e2 57. Bh4 Kc4 58. Ka5 g5 59. Bf2 g4 60. Bg3 Nd4
61. Ka4 Nf5 62. Be1 g3 63. b5 g2 0-1

[Event "5th Amplico AIG Life"]
[Site "Warsaw POL"]
[Date "2005.12.18"]
[EventDate "2005.12.17"]
[Round "12"]
[Result "1-0"]
[White "Arkadij Naiditsch"]
[Black "Evgeni Ellinovich Sveshnikov"]
[WhiteElo "2641"]
[BlackElo "2507"]
[PlyCount "75"]

1. e4 c5 2. Nf3 Nc6 3. Bb5 e6 4. O-O Nge7 5. Nc3 a6 6. Bxc6
Nxc6 7. d4 cxd4 8. Nxd4 d6 9. Nxc6 bxc6 10. Qg4 h5 11. Qe2 g6
12. Bf4 e5 13. Be3 Be7 14. f4 exf4 15. Bxf4 Qb6+ 16. Kh1 Be6
17. Be3 Qb4 18. Qd2 h4 19. h3 Rh5 20. a3 Qa5 21. b4 Qe5
22. Rad1 Bc4 23. Rfe1 O-O-O 24. Bf4 Bg5 25. Bxg5 Rxg5 26. Na4
Kc7 27. Qf2 Rb8 28. Rd4 Be6 29. Red1 Qg3 30. Qf1 Qxa3 31. Rxd6
Rxg2 32. R6d3 Qxa4 33. Qxg2 Qxb4 34. Rd4 Qb2 35. Qf2 g5
36. Qf6 Qb5 37. Qe7+ Kb6 38. Rb4 1-0

[Event "5th Amplico AIG Life"]
[Site "Warsaw POL"]
[Date "2005.12.18"]
[EventDate "2005.12.17"]
[Round "13"]
[Result "1-0"]
[White "Arkadij Naiditsch"]
[Black "Bartlomiej Heberla"]
[WhiteElo "2641"]
[BlackElo "2465"]
[PlyCount "125"]

1. e4 c5 2. Nf3 Nc6 3. Nc3 d6 4. d4 cxd4 5. Nxd4 Nf6 6. Bg5
Bd7 7. Qd2 Nxd4 8. Qxd4 h6 9. Bxf6 gxf6 10. O-O-O Qa5 11. f4
Rc8 12. Kb1 Qc5 13. Qd2 f5 14. e5 Bg7 15. Be2 Bc6 16. Bf3 dxe5
17. fxe5 e6 18. Bxc6+ Qxc6 19. Qe2 O-O 20. g4 f4 21. g5 f3
22. Qe3 Qb6 23. Qxf3 Bxe5 24. Rd3 Bxc3 25. Rxc3 Rxc3 26. Qxc3
Qc6 27. Qe1 hxg5 28. Rg1 Rd8 29. Rxg5+ Kf8 30. a3 Rd5 31. Qb4+
Ke8 32. Rg8+ Kd7 33. Rf8 Rf5 34. Qh4 Qb6 35. Ka2 a5 36. Ra8
Rf2 37. Rf8 Rf5 38. h3 Kc6 39. Rc8+ Kd7 40. Qh8 Ke7 41. Re8+
Kd6 42. Rd8+ Ke7 43. Qf8+ Kf6 44. Rd7 Ke5 45. Qg7+ Ke4 46. c3
Qe3 47. Rd4+ Kf3 48. Qg4+ Kf2 49. Qh4+ Kg2 50. Re4 Qf2
51. Qg4+ Qg3 52. Qd1 Rf2 53. Rg4 f5 54. Rxg3+ Kxg3 55. Qd6+ f4
56. Qxe6 Kg2 57. Qg4+ Kf1 58. h4 f3 59. h5 Ke2 60. Qe4+ Kd2
61. h6 Rf1 62. h7 f2 63. Qf4+ 1-0

[Event "Corus Group B"]
[Site "Wijk aan Zee NED"]
[Date "2006.01.28"]
[EventDate "2006.01.14"]
[Round "12"]
[Result "1-0"]
[White "Arkadij Naiditsch"]
[Black "Jan Smeets"]
[WhiteElo "2657"]
[BlackElo "2550"]
[PlyCount "69"]

1. e4 c5 2. Nf3 d6 3. d4 cxd4 4. Nxd4 Nf6 5. Nc3 a6 6. Bg5 e6
7. f4 Qb6 8. Nb3 Nbd7 9. Qf3 Be7 10. O-O-O Qc7 11. Qh3 h6
12. f5 Ne5 13. Nd4 Nfg4 14. Bf4 Nf2 15. Qg3 Neg4 16. fxe6 fxe6
17. Be2 O-O 18. Bxg4 Nxg4 19. Bxd6 Bxd6 20. Qxg4 Bxh2 21. Kb1
Be5 22. Rxh6 Bxd4 23. Qg6 Qf4 24. Rh3 Bxc3 25. bxc3 Bd7
26. Rdh1 Qf1+ 27. Rxf1 Rxf1+ 28. Kb2 Raf8 29. Rh7 R8f7 30. Qh5
Kf8 31. Rh8+ Ke7 32. Qc5+ Kf6 33. Rh5 g6 34. Qg5+ Kg7 35. Rh6
1-0

[Event "Belgian Teams"]
[Site "Belgium BEL"]
[Date "2006.01.08"]
[EventDate "2005.10.09"]
[Round "6"]
[Result "0-1"]
[White "Anthony Wirig"]
[Black "Arkadij Naiditsch"]
[WhiteElo "2415"]
[BlackElo "2641"]
[PlyCount "79"]

1. c4 e5 2. g3 Nf6 3. Bg2 d5 4. cxd5 Nxd5 5. Nc3 Nb6 6. Nf3
Nc6 7. O-O Be7 8. a3 O-O 9. d3 Be6 10. b4 a5 11. b5 Nd4
12. Nd2 c6 13. bxc6 Nxc6 14. Rb1 Rc8 15. Nc4 Nxc4 16. dxc4
Bxc4 17. Qxd8 Nxd8 18. Nd5 Bc5 19. Nb6 Bxb6 20. Rxb6 Bxe2
21. Re1 Ba6 22. Bd2 Rc5 23. Be3 Rc3 24. Bd5 Re8 25. Bg5 Ne6
26. Bxe6 Rxe6 27. Rxe6 fxe6 28. a4 Ra3 29. Rxe5 Rxa4 30. Kg2
Bc4 31. Rc5 Bd5+ 32. Kh3 Ra2 33. f4 Bc6 34. Bd8 a4 35. Be7 Kf7
36. Bd6 Rd2 37. Be5 a3 38. Ra5 a2 39. Ra8 h6 40. g4 0-1

[Event "Russian Club Cup"]
[Site "Sochi RUS"]
[Date "2006.04.21"]
[EventDate "2006.04.20"]
[Round "2"]
[Result "1-0"]
[White "Alexey Shirov"]
[Black "Arkadij Naiditsch"]
[WhiteElo "2699"]
[BlackElo "2664"]
[PlyCount "61"]

1. d4 Nf6 2. c4 e6 3. Nc3 Bb4 4. Qc2 O-O 5. a3 Bxc3+ 6. Qxc3
b6 7. Bg5 Bb7 8. e3 d6 9. Ne2 Nbd7 10. Qd3 Ba6 11. Nc3 d5
12. Qc2 Bxc4 13. Bxc4 dxc4 14. Qa4 c5 15. Rd1 cxd4 16. Rxd4
Qc7 17. O-O Rfc8 18. Rfd1 Qc5 19. Bh4 Qh5 20. Bxf6 Nxf6
21. Rxc4 Nd5 22. Rxc8+ Rxc8 23. Nxd5 exd5 24. g4 Qg5 25. Rd4
h5 26. Qxa7 hxg4 27. Qd7 Rc1+ 28. Kg2 Rc2 29. Qe8+ Kh7
30. Qxf7 Qe5 31. Rxd5 1-0

[Event "Bosna Sarajevo Tournament"]
[Site "Sarajevo BIH"]
[Date "2006.05.09"]
[EventDate "2006.05.07"]
[Round "3"]
[Result "1/2-1/2"]
[White "Arkadij Naiditsch"]
[Black "Liviu Dieter Nisipeanu"]
[WhiteElo "2664"]
[BlackElo "2695"]
[PlyCount "52"]

1. e4 c6 2. d4 d5 3. Nc3 dxe4 4. Nxe4 Bf5 5. Ng3 Bg6 6. h4 h6
7. Nf3 Nd7 8. h5 Bh7 9. Bd3 Bxd3 10. Qxd3 e6 11. Bf4 Bb4+
12. c3 Be7 13. Ne4 Ngf6 14. Nd6+ Bxd6 15. Bxd6 Qa5 16. Bb4 Qb5
17. O-O-O Qxd3 18. Rxd3 a5 19. Ba3 Nd5 20. c4 Nb4 21. Bxb4
axb4 22. Kb1 Nf6 23. Ne5 O-O 24. f3 Ra5 25. b3 Rd8 26. Rdd1
Rda8 1/2-1/2

[Event "Bosna Sarajevo Tournament"]
[Site "Sarajevo BIH"]
[Date "2006.05.11"]
[EventDate "2006.05.07"]
[Round "5"]
[Result "0-1"]
[White "Arkadij Naiditsch"]
[Black "Krishnan Sasikiran"]
[WhiteElo "2664"]
[BlackElo "2692"]
[PlyCount "62"]

1. e4 e5 2. Nf3 Nc6 3. Bb5 a6 4. Ba4 Nf6 5. O-O Be7 6. Re1 b5
7. Bb3 d6 8. c3 O-O 9. d4 Bg4 10. a4 Qc8 11. Be3 Na5 12. Ba2
c5 13. Nbd2 Qc7 14. axb5 axb5 15. h3 Bd7 16. Bg5 c4 17. Nf1
exd4 18. Nxd4 Nb7 19. Ne3 Nc5 20. Nef5 Bxf5 21. exf5 d5
22. Nxb5 Qb7 23. Nd4 Nce4 24. Bxf6 Bxf6 25. Re2 h6 26. Qb1
Rfb8 27. Nf3 Nc5 28. Ne1 Na4 29. Nc2 Qxb2 30. Qxb2 Rxb2
31. Bb1 Rbb8 0-1

[Event "Bosna Sarajevo Tournament"]
[Site "Sarajevo BIH"]
[Date "2006.05.12"]
[EventDate "2006.05.07"]
[Round "6"]
[Result "1-0"]
[White "Borki Predojevic"]
[Black "Arkadij Naiditsch"]
[WhiteElo "2566"]
[BlackElo "2664"]
[PlyCount "65"]

1. e4 c5 2. Nf3 d6 3. d4 cxd4 4. Nxd4 Nf6 5. Nc3 a6 6. g3 Bg4
7. f3 e5 8. fxg4 exd4 9. Qxd4 Nxg4 10. Bf4 Nc6 11. Qd2 Nge5
12. O-O-O Qa5 13. Qd5 Qb6 14. Qb3 Qxb3 15. axb3 O-O-O 16. Nd5
h5 17. Kb1 Re8 18. b4 Ng4 19. Rd2 Rxe4 20. Bg2 Re8 21. c4 Nce5
22. c5 Kb8 23. h3 Nh6 24. cxd6 Bxd6 25. Nb6 Nf5 26. Rxd6 Nxd6
27. Bxe5 Ka7 28. Bd4 Nf5 29. Bc5 Nxg3 30. Nd5+ Ka8 31. Rd1 Rd8
32. Bb6 Rdf8 33. Bf2 1-0

[Event "Bosna Sarajevo Tournament"]
[Site "Sarajevo BIH"]
[Date "2006.05.13"]
[EventDate "2006.05.07"]
[Round "7"]
[Result "1/2-1/2"]
[White "Arkadij Naiditsch"]
[Black "Vladimir Malakhov"]
[WhiteElo "2664"]
[BlackElo "2691"]
[PlyCount "70"]

1. e4 c5 2. Nf3 Nc6 3. d4 cxd4 4. Nxd4 g6 5. c4 Nf6 6. Nc3 d6
7. Be2 Nxd4 8. Qxd4 Bg7 9. Be3 O-O 10. Qd2 Be6 11. O-O Qa5
12. Rab1 Rfc8 13. b3 Ng4 14. Nd5 Qxd2 15. Bxd2 Kf8 16. Rfc1
Nf6 17. Bd3 Nxd5 18. exd5 Bd7 19. a4 b6 20. Re1 Re8 21. h4 h5
22. Rbc1 Bf6 23. g3 Rab8 24. Bh6+ Kg8 25. Bf4 Kg7 26. Rc2 Rbd8
27. Bf1 Bf5 28. Rce2 Bc3 29. Rc1 Bb4 30. Bg5 Rd7 31. Kh2 a5
32. Bh3 Bxh3 33. Kxh3 e5 34. dxe6 Rxe6 35. Be3 Bc5 1/2-1/2

[Event "Bosna Sarajevo Tournament"]
[Site "Sarajevo BIH"]
[Date "2006.05.14"]
[EventDate "2006.05.07"]
[Round "8"]
[Result "0-1"]
[White "Liviu Dieter Nisipeanu"]
[Black "Arkadij Naiditsch"]
[WhiteElo "2695"]
[BlackElo "2664"]
[PlyCount "116"]

1. e4 c5 2. Nf3 d6 3. d4 cxd4 4. Nxd4 Nf6 5. Nc3 a6 6. Bc4 e6
7. Bb3 Nbd7 8. Bg5 Qa5 9. Bxf6 Nxf6 10. O-O Nd7 11. f4 Nc5
12. f5 Bd7 13. Kh1 O-O-O 14. a3 Nxb3 15. cxb3 Be7 16. b4 Qe5
17. a4 Kb8 18. fxe6 Bxe6 19. Nf3 Qh5 20. Nd5 Bxd5 21. exd5 Rc8
22. b5 a5 23. Qd2 Bd8 24. Rad1 Rc4 25. b3 Re4 26. Qf2 Rhe8
27. Nd2 Re2 28. Qg3 R2e3 29. Qf4 Qxd5 30. Nf3 Rd3 31. Rxd3
Qxd3 32. Rc1 Bf6 33. h3 Ka7 34. Nd2 Qd4 35. Qxd4+ Bxd4 36. Nc4
d5 37. Nxa5 Bb6 38. b4 Re4 39. Rb1 Bxa5 40. bxa5 Rxa4 41. Rd1
d4 42. g4 Rxa5 43. Rxd4 Rxb5 44. Rd7 h5 45. Rxf7 hxg4 46. hxg4
Rg5 47. Rf4 b5 48. Kg2 Kb6 49. Kf3 Ka5 50. Rf7 Rg6 51. Ra7+
Kb6 52. Re7 Rf6+ 53. Ke3 g6 54. Kd3 Ka5 55. Re4 Rc6 56. Re5
Ka4 57. Ke4 Rc4+ 58. Kf3 b4 0-1

[Event "European Club Cup"]
[Site "?"]
[Date "2006.10.08"]
[EventDate "2006.10.08"]
[Round "1.7"]
[Result "1/2-1/2"]
[White "Sergey Ivanov"]
[Black "Arkadij Naiditsch"]
[WhiteElo "2354"]
[BlackElo "2676"]
[PlyCount "101"]

1. e4 c5 2. c3 d5 3. exd5 Qxd5 4. d4 Nf6 5. Nf3 Bg4 6. Be2 e6
7. h3 Bh5 8. O-O Nc6 9. Be3 cxd4 10. Nxd4 Bxe2 11. Qxe2 Be7
12. Rd1 O-O 13. c4 Nxd4 14. Bxd4 Qf5 15. Nc3 Rfd8 16. Be3 a6
17. Bb6 Rd7 18. a3 Rc8 19. b4 Qf4 20. c5 h5 21. Rxd7 Nxd7
22. Nd5 exd5 23. Qxe7 Nxb6 24. cxb6 Qd4 25. Re1 Qxb6 26. Qd7
Qc6 27. Qxc6 bxc6 28. Re7 a5 29. bxa5 Ra8 30. Rc7 Ra6 31. Kf1
g5 32. Ke2 Kg7 33. Kd2 h4 34. Kc3 Rxa5 35. Rxc6 Rxa3+ 36. Kd4
Ra2 37. Ke3 d4+ 38. Kf3 f6 39. Rd6 Rd2 40. g3 hxg3 41. fxg3 f5
42. h4 Rd3+ 43. Ke2 Rxg3 44. hxg5 Rg4 45. Kd3 Re4 46. Rf6 Rf4
47. Rd6 Rg4 48. Rxd4 Kg6 49. Rxg4 fxg4 50. Ke3 Kxg5 51. Kf2
1/2-1/2

[Event "22nd European Club Cup 2006"]
[Site "?"]
[Date "2006.10.09"]
[EventDate "2006.10.08"]
[Round "2.7"]
[Result "1-0"]
[White "Arkadij Naiditsch"]
[Black "Keith Arkell"]
[WhiteElo "2676"]
[BlackElo "2479"]
[PlyCount "99"]

1. e4 c6 2. d4 d5 3. Nc3 dxe4 4. Nxe4 Nd7 5. Bc4 Ngf6 6. Ng5
e6 7. Qe2 Nb6 8. Bd3 h6 9. N5f3 c5 10. Be3 Qc7 11. Ne5 cxd4
12. Bb5+ Bd7 13. Bxd4 Bxb5 14. Qxb5+ Nbd7 15. O-O-O Rc8 16. c3
a6 17. Qa4 Bd6 18. Ngf3 Ke7 19. Nxd7 Qxd7 20. Qxd7+ Nxd7
21. Bxg7 Bf4+ 22. Kc2 Rhg8 23. g3 Rxg7 24. gxf4 Rc5 25. Rhe1
Rf5 26. Re4 Rg4 27. Rdd4 Nf6 28. h3 Rg2 29. Re2 Rh5 30. h4 Rf5
31. Ne5 Rh2 32. a4 Nh5 33. Rd7+ Kf8 34. Nf3 Rh3 35. Nd4 Rxf4
36. Rxb7 Rh2 37. b4 Rfxf2 38. Rxf2 Rxf2+ 39. Kb3 e5 40. Nc2
Nf4 41. Ne3 Ne2 42. Nd5 Nf4 43. Rb8+ Kg7 44. Nxf4 Rxf4 45. b5
axb5 46. axb5 Rf1 47. b6 e4 48. b7 Rb1+ 49. Kc2 Rb6 50. c4 1-0

[Event "European Club Cup"]
[Site "Feugen AUT"]
[Date "2006.10.13"]
[EventDate "2006.10.08"]
[Round "6"]
[Result "1/2-1/2"]
[White "Arkadij Naiditsch"]
[Black "Aleksander Delchev"]
[WhiteElo "2676"]
[BlackElo "2628"]
[PlyCount "135"]

1. e4 e5 2. Nf3 Nc6 3. Bb5 a6 4. Ba4 Nf6 5. d3 b5 6. Bb3 Be7
7. a4 Rb8 8. axb5 axb5 9. Nc3 d6 10. Nd5 Nxd5 11. exd5 Nd4
12. Nxd4 exd4 13. O-O O-O 14. Bd2 Bd7 15. Ra5 Re8 16. Re1 Ra8
17. Qa1 Kf8 18. Re4 Bf5 19. Re1 Qb8 20. Qa3 Rxa5 21. Qxa5 Bd8
22. Rxe8+ Kxe8 23. Qa3 Qb7 24. f3 h5 25. Be1 Bf6 26. Bf2 Kf8
27. Ba2 Bc8 28. Qa5 Bd7 29. b4 Bc8 30. Kf1 Qb6 31. c4 bxc4
32. Bxc4 Bd7 33. Qa8+ Ke7 34. Be1 Be8 35. Bd2 h4 36. g4 hxg3
37. hxg3 g6 38. Ke2 g5 39. g4 Bb5 40. Bxb5 Qxb5 41. Qc8 Qd7
42. Qb8 Qd8 43. Qb7 Kf8 44. Kd1 Be5 45. Kc2 Bf4 46. Bxf4 gxf4
47. Kb3 Qe7 48. Qa8+ Kg7 49. Qa1 Qe3 50. Qd1 Kf6 51. Kc4 Ke7
52. Kb5 Kd8 53. Ka6 Kc8 54. g5 Kb8 55. Kb5 Qe5 56. Kc4 Qxg5
57. Qe1 Qe5 58. Qe4 Kb7 59. Qxd4 Qe3 60. Qe4 f5 61. Qxf5 Qxf3
62. Qd7 Qe3 63. Qc6+ Kb8 64. Qb5+ Kc8 65. Qa6+ Kb8 66. Qb5+
Ka7 67. Qa4+ Kb8 68. Qb5+ 1/2-1/2

[Event "European Club Cup"]
[Site "Feugen AUT"]
[Date "2006.10.14"]
[EventDate "2006.10.08"]
[Round "7"]
[Result "1-0"]
[White "Rustam Kasimdzhanov"]
[Black "Arkadij Naiditsch"]
[WhiteElo "2672"]
[BlackElo "2676"]
[PlyCount "59"]

1. d4 Nf6 2. c4 e6 3. Nc3 Bb4 4. Qc2 O-O 5. a3 Bxc3+ 6. Qxc3
b5 7. cxb5 c6 8. Qd3 d5 9. Bg5 cxb5 10. Nf3 a5 11. e3 Ba6
12. b4 axb4 13. axb4 Nc6 14. Rb1 Qd6 15. Bxf6 gxf6 16. Qd2
Rfb8 17. Bd3 Bc8 18. O-O Ra4 19. e4 dxe4 20. Bxe4 Ne7 21. Rfc1
Kg7 22. Rc5 Nd5 23. Bxd5 exd5 24. Nh4 Bd7 25. Rc3 Kh8 26. Rg3
Rg8 27. Qh6 Ra6 28. Rxg8+ Kxg8 29. h3 Qe7 30. Rb3 1-0

[Event "TCh-FRA Top 16 Gp A"]
[Site "Clichy FRA"]
[Date "2006.02.04"]
[EventDate "?"]
[Round "2"]
[Result "1-0"]
[White "Arkadij Naiditsch"]
[Black "Pavel Govciyan"]
[WhiteElo "2657"]
[BlackElo "2368"]
[PlyCount "71"]

1. e4 e5 2. Nf3 Nc6 3. Bb5 a6 4. Ba4 g6 5. d4 exd4 6. Bg5 Be7
7. Bxe7 Qxe7 8. Bxc6 dxc6 9. Qxd4 Nf6 10. Nc3 O-O 11. O-O-O
Be6 12. e5 Nd5 13. Ne4 Rfd8 14. Nfg5 h6 15. Nxe6 fxe6 16. c4
Nb6 17. Nf6+ Kg7 18. Qh4 Rxd1+ 19. Rxd1 Qc5 20. Qd4 Qxd4
21. Rxd4 g5 22. b3 Rf8 23. Kd2 Kg6 24. Ke3 c5 25. Rd2 Kf5
26. Ne4 Kxe5 27. Nxc5 Rb8 28. Rd7 Na8 29. Rh7 Rd8 30. Rxh6 Rd1
31. g4 Re1+ 32. Kf3 Ra1 33. Nxe6 Rxa2 34. Nxg5 Rb2 35. Re6+
Kd4 36. Re3 1-0

[Event "TCh-FRA Top 16 Gp A"]
[Site "Clichy FRA"]
[Date "2006.02.03"]
[EventDate "?"]
[Round "1"]
[Result "1-0"]
[White "Arkadij Naiditsch"]
[Black "Laurent Guidarelli"]
[WhiteElo "2657"]
[BlackElo "2462"]
[PlyCount "71"]

1. e4 c5 2. Nc3 d6 3. Nge2 Nf6 4. d4 cxd4 5. Nxd4 a6 6. Be3 e5
7. Nf3 Be7 8. Bc4 O-O 9. O-O Be6 10. Bb3 h6 11. Qe2 Qc7
12. Rfd1 Nbd7 13. Nh4 Rfd8 14. Nf5 Bf8 15. Qf3 Kh7 16. h3 g6
17. Ng3 Bg7 18. Rd2 Nc5 19. Bd5 Bxd5 20. Nxd5 Nxd5 21. Rxd5
Na4 22. b3 Nc3 23. Bb6 Qxb6 24. Qxc3 Rac8 25. Qd3 h5 26. c4
Rc5 27. Rd1 Rxd5 28. Qxd5 Qc7 29. Nf1 b6 30. h4 Bf6 31. g3 g5
32. Qd3 gxh4 33. Qf3 Bg5 34. Qxh5+ Bh6 35. Ne3 Rg8 36. Nf5 1-0